| 000 | 00756nam a22002177a 4500 | ||
|---|---|---|---|
| 999 |
_c8966 _d8966 |
||
| 003 | AR-CdUCM | ||
| 008 | 190327b ||||| |||| 00| 0 spa d | ||
| 040 |
_aMUNICIPALIDAD PROVINCIAL DEL CUSCO _cBIBLIOTECA MUNICIPAL DEL CUSCO |
||
| 082 |
_a155.282 / _bL23 |
||
| 100 |
_aVal Latierro, Felix _924868 |
||
| 245 | _aGrafocritica | ||
| 260 |
_aMadrid : _bTecnos S.A. _c1956 |
||
| 300 |
_a177 páginas; _bIlustraciones, _c20 cm. |
||
| 505 | _aContenido : Estudio de la escritura -- La escritura y sus modificaciones -- Problemas -- El análisis comparativo -- Causística | ||
| 650 |
_aGrafología _915613 |
||
| 650 |
_aEscritura _94757 |
||
| 650 |
_aPsicología _91538 |
||
| 700 |
_aOctavio Perez Vitoria _924869 |
||
| 942 |
_2ddc _cLIBROS |
||
| 945 | _admma | ||